[Event "BCF-chT2 2324 (4NCL)"]
[Site "England"]
[Date "2024.02.11"]
[Round "6.66"]
[White "Blake, J Morgan"]
[Black "Barwick, Carmel"]
[Result "1/2-1/2"]
[WhiteElo "2033"]
[BlackElo "1505"]
[PlyCount "116"]
[EventDate "2023.11.11"]
[EventType "team-tourn"]
[EventRounds "11"]
[EventCountry "ENG"]
[SourceTitle "CB11_2024"]
[SourceDate "2024.03.13"]
[SourceVersion "1"]
[SourceVersionDate "2024.03.13"]
[SourceQuality "1"]
[WhiteTeam "Sussex Martlets"]
[BlackTeam "Cambridge University II"]
[WhiteTeamCountry "ENG"]
[BlackTeamCountry "ENG"]

1. e4 c5 2. Nf3 e6 3. d4 cxd4 4. Nxd4 a6 5. a3 Nf6 6. Nc3 Qc7 7. Be3 Nc6 8. Be2 Be7 9. 0-0 0-0 10. f4 Nxd4 11. Qxd4 d5 12. exd5 Nxd5 13. Nxd5 exd5 14. c3 Re8 15. Bf3 Be6 16. Rad1 Rad8 17. Kh1 Qd7 18. Qd3 Qc8 19. Qd2 Bf6 20. Bd4 Be7 21. Qf2 Bg4 22. Qg3 h5 23. h3 f5 24. hxg4 hxg4 25. Be5 Qe6 26. Qh2 gxf3 27. Rxf3 Bf6 28. Re1 Bxe5 29. Rxe5 Qg6 30. Rg3 Qf6 31. Rh3 Rxe5 32. fxe5 Qg5 33. Qg1 Re8 34. Qd4 Rd8 35. Kh2 f4 36. c4 Qf5 37. cxd5 b5 38. d6 Kf7 39. Rh4 g5 40. Rh6 Kg7 41. Rh3 g4 42. Rh4 g3+ 43. Kh1 Qb1+ 44. Qg1 Qf5 45. Qd1 Kf7 46. Rh5 Qe4 47. d7 a5 48. Rh4 Qxe5 49. Qf1 Rh8 50. d8Q Rxd8 51. Qxf4+ Qxf4 52. Rxf4+ Ke6 53. Re4+ Kf5 54. Re1 a4 55. Kg1 Rd2 56. Rb1 Ke4 57. Kf1 Rf2+ 58. Kg1 Rc2 1/2-1/2

[Event "BCF-chT2 2324 (4NCL)"]
[Site "England"]
[Date "2024.02.10"]
[Round "5.26"]
[White "Barwick, Carmel"]
[Black "Taylor, William J"]
[Result "1/2-1/2"]
[WhiteElo "1505"]
[BlackElo "1961"]
[PlyCount "87"]
[EventDate "2023.11.11"]
[EventType "team-tourn"]
[EventRounds "11"]
[EventCountry "ENG"]
[SourceTitle "CB11_2024"]
[SourceDate "2024.03.13"]
[SourceVersion "1"]
[SourceVersionDate "2024.03.13"]
[SourceQuality "1"]
[WhiteTeam "Cambridge University II"]
[BlackTeam "The Audible Checks"]
[WhiteTeamCountry "ENG"]
[BlackTeamCountry "ENG"]

1. e4 c5 2. Nf3 e6 3. g3 d5 4. exd5 exd5 5. Bg2 Nf6 6. 0-0 Be7 7. d4 0-0 8. dxc5 Bxc5 9. Nc3 Nc6 10. Ne2 Qb6 11. Nf4 Bf5 12. Nd3 Bxd3 13. cxd3 Ng4 14. d4 Nxd4 15. Nxd4 Nxf2 16. Rxf2 Bxd4 17. Qd2 Rac8 18. Kf1 Bxf2 19. Qxf2 Qb5+ 20. Qe2 Qxe2+ 21. Kxe2 Rc2+ 22. Kf1 d4 23. Be4 Rxh2 24. Bg2 Rc8 25. Kg1 Rh5 26. Bf4 Rb5 27. b3 g5 28. Bd6 Rd8 29. Ba3 d3 30. Rd1 Ra5 31. Bc1 Rxa2 32. Bxg5 Rd7 33. Be4 d2 34. Bf6 Ra6 35. Bc3 Rad6 36. Kf2 Rb6 37. b4 Rbd6 38. g4 a6 39. Bf5 Rd8 40. Ke2 Re8+ 41. Kf2 Red8 42. Ke2 Re8+ 43. Kf2 Red8 44. Ke2 1/2-1/2

[Event "UK-ch Blitz-B"]
[Site "Leamington Spa"]
[Date "2023.12.02"]
[Round "15.1"]
[White "Barwick, Carmel"]
[Black "Kong, Emma"]
[Result "0-1"]
[WhiteElo "1665"]
[BlackElo "1269"]
[PlyCount "69"]
[EventDate "2023.12.02"]
[EventType "tourn (blitz)"]
[EventRounds "15"]
[EventCountry "ENG"]
[SourceTitle "CB50_2023"]
[SourceDate "2023.12.13"]
[SourceVersion "1"]
[SourceVersionDate "2023.12.13"]
[SourceQuality "1"]

1. d4 d5 2. Nc3 c6 3. Bf4 Nf6 4. e3 e6 5. Nf3 Nbd7 6. Be2 Be7 7. Ne5 Nxe5 8. Bxe5 Qb6 9. Rb1 0-0 10. g4 Nd7 11. Bg3 f5 12. gxf5 Rxf5 13. Rg1 Rf8 14. Bg4 Nf6 15. Be5 c5 16. h4 h6 17. Bh3 Qd8 18. Qd2 Bd6 19. Bxd6 Qxd6 20. dxc5 Qh2 21. Rg3 Qh1+ 22. Bf1 Qxh4 23. Qe2 Qh5 24. Qxh5 Nxh5 25. Rg4 Nf6 26. Rg1 e5 27. b4 Be6 28. Be2 Rad8 29. Nb5 Rd7 30. Nxa7 Ra8 31. Nb5 Rxa2 32. Kd2 Ne4+ 33. Kc1 Nxf2 34. Nd6 Ne4 35. Rg6 0-1

[Event "UK-ch Blitz-B"]
[Site "Leamington Spa"]
[Date "2023.12.02"]
[Round "13.2"]
[White "Barwick, Carmel"]
[Black "Sivanandan, Bodhana"]
[Result "0-1"]
[WhiteElo "1665"]
[BlackElo "1944"]
[PlyCount "76"]
[EventDate "2023.12.02"]
[EventType "tourn (blitz)"]
[EventRounds "15"]
[EventCountry "ENG"]
[SourceTitle "CB50_2023"]
[SourceDate "2023.12.13"]
[SourceVersion "1"]
[SourceVersionDate "2023.12.13"]
[SourceQuality "1"]

1. d4 d5 2. Nc3 Nf6 3. Bf4 e6 4. Nb5 Na6 5. e3 Be7 6. Nf3 0-0 7. h4 c6 8. Nc3 c5 9. h5 h6 10. g4 Ne4 11. Nxe4 dxe4 12. Ne5 cxd4 13. exd4 Nb4 14. c3 Nd5 15. Bd2 Bg5 16. Bg2 e3 17. fxe3 Nxe3 18. Bxe3 Bxe3 19. Qf3 Bg5 20. 0-0 Qc7 21. Qe4 Rb8 22. Qd3 Bd7 23. Qe2 Bc6 24. Bxc6 bxc6 25. Rab1 c5 26. Rfd1 cxd4 27. cxd4 Rbd8 28. b4 Qb6 29. Qe4 f5 30. gxf5 exf5 31. Qc6 Be3+ 32. Kg2 Bxd4 33. Qc4+ Kh7 34. a4 Bxe5 35. Re1 Qf6 36. Qd4 Rxd4 37. Re2 Rd2 38. Rb2 Rfd8 0-1

[Event "UK-ch Blitz-B"]
[Site "Leamington Spa"]
[Date "2023.12.02"]
[Round "4.1"]
[White "Ou, Siyao"]
[Black "Barwick, Carmel"]
[Result "0-1"]
[WhiteElo "1251"]
[BlackElo "1665"]
[PlyCount "59"]
[EventDate "2023.12.02"]
[EventType "tourn (blitz)"]
[EventRounds "15"]
[EventCountry "ENG"]
[SourceTitle "CB50_2023"]
[SourceDate "2023.12.13"]
[SourceVersion "1"]
[SourceVersionDate "2023.12.13"]
[SourceQuality "1"]

1. e4 c5 2. Nc3 e6 3. Nf3 a6 4. d4 cxd4 5. Nxd4 b5 6. Bd2 Bc5 7. Nf3 Bb7 8. Bd3 Nf6 9. Bg5 Be7 10. e5 Nd5 11. Bxe7 Qxe7 12. Nxd5 Bxd5 13. a3 0-0 14. Qd2 d6 15. 0-0 dxe5 16. Nxe5 Nc6 17. Rfe1 Nxe5 18. Rxe5 Qf6 19. Qe3 g6 20. c3 Rad8 21. Rg5 Bb3 22. Re1 Rxd3 23. Qe5 Qxe5 24. Rgxe5 Rfd8 25. R5e2 Rd1 26. Kf1 Rxe1+ 27. Rxe1 Rd2 28. g3 Bc4+ 29. Kg2 Rxb2 30. Rd1 0-1